000 00375pab a2200157 454500
008 180718b2010 xxu||||| |||| 00| 0 eng d
100 _aSingh, Chandra B.P.
245 _aTime management by teachers in the university system
260 _c2010
300 _ap.1-5.
362 _a8 Mar
650 _aTeachers
773 _aUniversity News
908 _aN
909 _a85972
999 _c85972
_d85972